Guía de productos fitosanitarios para la república argentina

Guardado en:
Formato: Libro
Publicado: Argentina : Casafe, 2007
Edición:13a. ed.
Materias:
Etiquetas: Agregar Etiqueta
Sin Etiquetas, Sea el primero en etiquetar este registro!
LEADER 00793nam a22002535a 4500
001 CEM.cems017101
005 20111004093616.0
008 130507s2007##################000#0#####d
003 CEMS
020 |a 9789872187156 
082 0 4 |a 632 
245 0 0 |a Guía de productos fitosanitarios para la república argentina 
250 |a 13a. ed. 
260 |a Argentina :  |b Casafe,  |c 2007 
300 |a 1190 p. 
653 |a Insecticidas 
653 |a Funguicidas 
653 |a Herbicidas 
653 |a Fertilizantes 
653 |a Productos fitosanitarios-recomendaciones de uso 
653 |a Productos fitosanitarios-almacenamiento 
653 |a Productos fitosanitarios-protección personal 
653 |a Guía fitosanitaria 
859 |a CEMS  |b BIB. CEMS - Agricultura  |h 632  |i C14  |p A0792.08  |t Ej.1  |v 2007 2  |3 2007 2